Visualizzazione normale
Vista MARC
- Convegni di Spiritualità Passionista
di Corporate Name
Records bibliografici associati: 1
001 - CONTROL NUMBER
- control field: 35274
003 - CONTROL NUMBER IDENTIFIER
- control field: IT-RoPau
005 - DATE AND TIME OF LATEST TRANSACTION
- control field: 20150710224252.0
008 - FIXED-LENGTH DATA ELEMENTS
- fixed length control field: 150710|| aca||aabn | a|a d
040 ## - CATALOGING SOURCE
- Original cataloging agency: IT-RoPau
- Transcribing agency: IT-RoPau
110 ## - HEADING--CORPORATE NAME
- Corporate name or jurisdiction name as entry element: Convegni di Spiritualità Passionista
670 ## - SOURCE DATA FOUND
- Source citation: Work cat.: (IT-RoPau)25024: Visse per l’unità cristiana. Il Beato Domenico della Madre di Dio Passionista (1792 -1849)